| 000 | 00393cam a2200157ua 4500 | ||
|---|---|---|---|
| 003 | OSt | ||
| 008 | 250610b |||||||| |||| 00| 0 eng d | ||
| 041 | _aeng | ||
| 082 |
_a624.1821 _bFAB/CO |
||
| 100 |
_aFaber, Oscar . _97568 |
||
| 245 | _aConstructional steelwork simply explained / | ||
| 250 | _a4 / | ||
| 260 |
_a : _bOxford University Press , _c1960. |
||
| 300 | _a123 ; . | ||
| 942 | _cBK | ||
| 999 |
_c2009 _d2009 |
||